<?xml version="1.0" encoding="UTF-8"?>
<record
    xmlns:xsi="http://www.w3.org/2001/XMLSchema-instance"
    xsi:schemaLocation="http://www.loc.gov/MARC21/slim http://www.loc.gov/standards/marcxml/schema/MARC21slim.xsd"
    xmlns="http://www.loc.gov/MARC21/slim">

  <leader>00385    a2200145   4500</leader>
  <controlfield tag="005">20250621095858.0</controlfield>
  <datafield tag="020" ind1=" " ind2=" ">
    <subfield code="a">435-84546-2</subfield>
  </datafield>
  <datafield tag="082" ind1=" " ind2=" ">
    <subfield code="a">330.096 LIV</subfield>
  </datafield>
  <datafield tag="100" ind1=" " ind2=" ">
    <subfield code="a">LIVINGSTONE, I.</subfield>
  </datafield>
  <datafield tag="245" ind1=" " ind2=" ">
    <subfield code="a">An Introduction to Economics for East Africa.</subfield>
  </datafield>
  <datafield tag="260" ind1=" " ind2=" ">
    <subfield code="a">London,</subfield>
    <subfield code="b">Heinemann,</subfield>
    <subfield code="c">1969.</subfield>
  </datafield>
  <datafield tag="300" ind1=" " ind2=" ">
    <subfield code="a">x, 459p.: ill.; figure, table.</subfield>
    <subfield code="b">Index</subfield>
    <subfield code="c">22cm</subfield>
  </datafield>
  <datafield tag="700" ind1=" " ind2=" ">
    <subfield code="a">ORD, W. H.</subfield>
  </datafield>
  <datafield tag="942" ind1=" " ind2=" ">
    <subfield code="2">ddc</subfield>
    <subfield code="c">BKS</subfield>
  </datafield>
  <datafield tag="999" ind1=" " ind2=" ">
    <subfield code="c">487</subfield>
    <subfield code="d">487</subfield>
  </datafield>
  <datafield tag="952" ind1=" " ind2=" ">
    <subfield code="r">2025-03-12 13:19:07</subfield>
    <subfield code="l">0</subfield>
    <subfield code="o">330.096 LIV</subfield>
    <subfield code="p">0000001863</subfield>
    <subfield code="v">30000.00</subfield>
    <subfield code="w">2025-03-12</subfield>
    <subfield code="y">BKS</subfield>
    <subfield code="1">0</subfield>
    <subfield code="2">ddc</subfield>
    <subfield code="4">0</subfield>
    <subfield code="7">0</subfield>
    <subfield code="0">0</subfield>
    <subfield code="a">CBEML</subfield>
    <subfield code="b">CBEML</subfield>
    <subfield code="c">GEN</subfield>
    <subfield code="d">2025-03-12</subfield>
    <subfield code="g">10000.00</subfield>
  </datafield>
  <datafield tag="952" ind1=" " ind2=" ">
    <subfield code="r">2025-03-12 13:19:07</subfield>
    <subfield code="l">0</subfield>
    <subfield code="o">330.096 LIV</subfield>
    <subfield code="p">0000001864</subfield>
    <subfield code="v">30000.00</subfield>
    <subfield code="w">2025-03-12</subfield>
    <subfield code="y">BKS</subfield>
    <subfield code="1">0</subfield>
    <subfield code="2">ddc</subfield>
    <subfield code="4">0</subfield>
    <subfield code="7">0</subfield>
    <subfield code="0">0</subfield>
    <subfield code="a">CBEML</subfield>
    <subfield code="b">CBEML</subfield>
    <subfield code="c">GEN</subfield>
    <subfield code="d">2025-03-12</subfield>
    <subfield code="g">10000.00</subfield>
  </datafield>
  <datafield tag="952" ind1=" " ind2=" ">
    <subfield code="r">2025-03-12 13:19:07</subfield>
    <subfield code="l">0</subfield>
    <subfield code="o">330.096 LIV</subfield>
    <subfield code="p">0000001865</subfield>
    <subfield code="v">30000.00</subfield>
    <subfield code="w">2025-03-12</subfield>
    <subfield code="y">BKS</subfield>
    <subfield code="1">0</subfield>
    <subfield code="2">ddc</subfield>
    <subfield code="4">0</subfield>
    <subfield code="7">0</subfield>
    <subfield code="0">0</subfield>
    <subfield code="a">CBEML</subfield>
    <subfield code="b">CBEML</subfield>
    <subfield code="c">GEN</subfield>
    <subfield code="d">2025-03-12</subfield>
    <subfield code="g">10000.00</subfield>
  </datafield>
  <datafield tag="952" ind1=" " ind2=" ">
    <subfield code="r">2025-03-12 13:19:07</subfield>
    <subfield code="l">0</subfield>
    <subfield code="o">330.096 LIV</subfield>
    <subfield code="p">0000001866</subfield>
    <subfield code="v">30000.00</subfield>
    <subfield code="w">2025-03-12</subfield>
    <subfield code="y">BKS</subfield>
    <subfield code="1">0</subfield>
    <subfield code="2">ddc</subfield>
    <subfield code="4">0</subfield>
    <subfield code="7">0</subfield>
    <subfield code="0">0</subfield>
    <subfield code="a">CBEML</subfield>
    <subfield code="b">CBEML</subfield>
    <subfield code="c">GEN</subfield>
    <subfield code="d">2025-03-12</subfield>
    <subfield code="g">10000.00</subfield>
  </datafield>
  <datafield tag="952" ind1=" " ind2=" ">
    <subfield code="r">2025-03-12 13:19:07</subfield>
    <subfield code="l">0</subfield>
    <subfield code="o">330.096 LIV</subfield>
    <subfield code="p">0000001867</subfield>
    <subfield code="v">30000.00</subfield>
    <subfield code="w">2025-03-12</subfield>
    <subfield code="y">BKS</subfield>
    <subfield code="1">0</subfield>
    <subfield code="2">ddc</subfield>
    <subfield code="4">0</subfield>
    <subfield code="7">0</subfield>
    <subfield code="0">0</subfield>
    <subfield code="a">CBEML</subfield>
    <subfield code="b">CBEML</subfield>
    <subfield code="c">GEN</subfield>
    <subfield code="d">2025-03-12</subfield>
    <subfield code="g">10000.00</subfield>
  </datafield>
  <datafield tag="952" ind1=" " ind2=" ">
    <subfield code="r">2025-03-12 13:19:07</subfield>
    <subfield code="l">0</subfield>
    <subfield code="o">330.096 LIV</subfield>
    <subfield code="p">0000001868</subfield>
    <subfield code="v">30000.00</subfield>
    <subfield code="w">2025-03-12</subfield>
    <subfield code="y">BKS</subfield>
    <subfield code="1">0</subfield>
    <subfield code="2">ddc</subfield>
    <subfield code="4">0</subfield>
    <subfield code="7">0</subfield>
    <subfield code="0">0</subfield>
    <subfield code="a">CBEML</subfield>
    <subfield code="b">CBEML</subfield>
    <subfield code="c">GEN</subfield>
    <subfield code="d">2025-03-12</subfield>
    <subfield code="g">10000.00</subfield>
  </datafield>
  <datafield tag="952" ind1=" " ind2=" ">
    <subfield code="r">2025-03-12 13:19:07</subfield>
    <subfield code="l">0</subfield>
    <subfield code="o">330.096 LIV</subfield>
    <subfield code="p">0000001869</subfield>
    <subfield code="v">30000.00</subfield>
    <subfield code="w">2025-03-12</subfield>
    <subfield code="y">BKS</subfield>
    <subfield code="1">0</subfield>
    <subfield code="2">ddc</subfield>
    <subfield code="4">0</subfield>
    <subfield code="7">0</subfield>
    <subfield code="0">0</subfield>
    <subfield code="a">CBEML</subfield>
    <subfield code="b">CBEML</subfield>
    <subfield code="c">GEN</subfield>
    <subfield code="d">2025-03-12</subfield>
    <subfield code="g">10000.00</subfield>
  </datafield>
  <datafield tag="952" ind1=" " ind2=" ">
    <subfield code="r">2025-03-12 13:19:07</subfield>
    <subfield code="l">0</subfield>
    <subfield code="o">330.096 LIV</subfield>
    <subfield code="p">0000001870</subfield>
    <subfield code="v">30000.00</subfield>
    <subfield code="w">2025-03-12</subfield>
    <subfield code="y">BKS</subfield>
    <subfield code="1">0</subfield>
    <subfield code="2">ddc</subfield>
    <subfield code="4">0</subfield>
    <subfield code="7">0</subfield>
    <subfield code="0">0</subfield>
    <subfield code="a">CBEML</subfield>
    <subfield code="b">CBEML</subfield>
    <subfield code="c">GEN</subfield>
    <subfield code="d">2025-03-12</subfield>
    <subfield code="g">10000.00</subfield>
  </datafield>
  <datafield tag="952" ind1=" " ind2=" ">
    <subfield code="r">2025-03-12 13:19:07</subfield>
    <subfield code="l">0</subfield>
    <subfield code="o">330.096 LIV</subfield>
    <subfield code="p">0000001871</subfield>
    <subfield code="v">30000.00</subfield>
    <subfield code="w">2025-03-12</subfield>
    <subfield code="y">BKS</subfield>
    <subfield code="1">0</subfield>
    <subfield code="2">ddc</subfield>
    <subfield code="4">0</subfield>
    <subfield code="7">0</subfield>
    <subfield code="0">0</subfield>
    <subfield code="a">CBEML</subfield>
    <subfield code="b">CBEML</subfield>
    <subfield code="c">GEN</subfield>
    <subfield code="d">2025-03-12</subfield>
    <subfield code="g">10000.00</subfield>
  </datafield>
  <datafield tag="952" ind1=" " ind2=" ">
    <subfield code="r">2025-03-12 13:19:07</subfield>
    <subfield code="l">0</subfield>
    <subfield code="o">330.096 LIV</subfield>
    <subfield code="p">0000001872</subfield>
    <subfield code="v">30000.00</subfield>
    <subfield code="w">2025-03-12</subfield>
    <subfield code="y">BKS</subfield>
    <subfield code="1">0</subfield>
    <subfield code="2">ddc</subfield>
    <subfield code="4">0</subfield>
    <subfield code="7">0</subfield>
    <subfield code="0">0</subfield>
    <subfield code="a">CBEML</subfield>
    <subfield code="b">CBEML</subfield>
    <subfield code="c">GEN</subfield>
    <subfield code="d">2025-03-12</subfield>
    <subfield code="g">10000.00</subfield>
  </datafield>
  <datafield tag="952" ind1=" " ind2=" ">
    <subfield code="r">2025-03-12 13:19:07</subfield>
    <subfield code="l">0</subfield>
    <subfield code="o">330.096 LIV</subfield>
    <subfield code="p">0000001873</subfield>
    <subfield code="v">30000.00</subfield>
    <subfield code="w">2025-03-12</subfield>
    <subfield code="y">BKS</subfield>
    <subfield code="1">0</subfield>
    <subfield code="2">ddc</subfield>
    <subfield code="4">0</subfield>
    <subfield code="7">0</subfield>
    <subfield code="0">0</subfield>
    <subfield code="a">CBEML</subfield>
    <subfield code="b">CBEML</subfield>
    <subfield code="c">GEN</subfield>
    <subfield code="d">2025-03-12</subfield>
    <subfield code="g">10000.00</subfield>
  </datafield>
  <datafield tag="952" ind1=" " ind2=" ">
    <subfield code="r">2025-03-12 13:19:07</subfield>
    <subfield code="l">0</subfield>
    <subfield code="o">330.096 LIV</subfield>
    <subfield code="p">0000001874</subfield>
    <subfield code="v">30000.00</subfield>
    <subfield code="w">2025-03-12</subfield>
    <subfield code="y">BKS</subfield>
    <subfield code="1">0</subfield>
    <subfield code="2">ddc</subfield>
    <subfield code="4">0</subfield>
    <subfield code="7">0</subfield>
    <subfield code="0">0</subfield>
    <subfield code="a">CBEML</subfield>
    <subfield code="b">CBEML</subfield>
    <subfield code="c">GEN</subfield>
    <subfield code="d">2025-03-12</subfield>
    <subfield code="g">10000.00</subfield>
  </datafield>
</record>
